Kadra Bayernu w LM 2015/2016 - Statystyki

Ogólne statystyki
  • Ten quiz został rozwiązany 128 razy
  • Średni wynik to 17 z 24
Statystyki odpowiedzi
pozycja # kraj piłkarz % Poprawnych
B 1 GER Manuel Neuer
100%
N 9 POL Robert Lewandowski
99%
O 27 AUT David Alaba
96%
P 10 NED Arjen Robben
94%
P 7 FRA Franck Ribery
94%
O 17 GER Jerome Boateng
94%
P 23 CHI Arturo Vidal
92%
P 25 GER Thomas Muller
91%
Trener - ESP Pep Guardiola
89%
O 8 ESP Javi Martinez
83%
P 6 ESP Thiago
82%
P 29 FRA Kingsley Coman
81%
P 32 GER Joshua Kimmich
77%
O 21 GER Philipp Lahm
77%
O 5 MAR Mehdi Benatia
70%
P 11 BRA Douglas Costa
69%
B 26 GER Sven Ulreich
65%
P 3 ESP Xabi Alonso
63%
O 13 BRA Rafinha
51%
P 19 GER Mario Gotze
46%
B 22 GER Tom Starke
45%
O 28 GER Holger Badstuber
36%
O 18 GER Juan Bernat
25%
P 20 GER Sebastian Rode
15%
Nie znaleziono quizów pasujących do podanych kryteriów
Rozkład punktacji
Procent ludzi z każdym wynikiem
Percentyl według liczby udzielonych odpowiedzi
Twoja historia wyników
Nie rozwiązałeś tego quizu